Strip tease de la escuela /
Guardado en:
| Autor principal: | |
|---|---|
| Formato: | Libro |
| Lenguaje: | Spanish |
| Publicado: |
Heredia, Costa Rica
Editorialpec , Instituto Latinoamericano de Pedagogía de la Comunicación
1981
|
| Edición: | 1.era edición |
| Colección: | Serie Educativa
|
| Materias: | |
| Etiquetas: |
Agregar Etiqueta
Sin Etiquetas, Sea el primero en etiquetar este registro!
|
MARC
| LEADER | 00000nam a22000007a 4500 | ||
|---|---|---|---|
| 003 | cru CIDCACS/IIS | ||
| 005 | 20181126155443.0 | ||
| 008 | 180608b1981 cr a|||| |||| 00| 0 spa d | ||
| 999 | |c 41507 |d 41507 | ||
| 040 | |c cru CIDCACS/IIS | ||
| 090 | |a 06.01.01 S984s | ||
| 100 | 1 | |9 4563 |a Gutiérrez Pérez, Francisco | |
| 245 | 1 | 0 | |a Strip tease de la escuela / |c Francisco Gutiérrez |
| 250 | |a 1.era edición | ||
| 260 | 1 | 0 | |a Heredia, Costa Rica |b Editorialpec , |b Instituto Latinoamericano de Pedagogía de la Comunicación |c 1981 |
| 300 | |a 217 páginas | ||
| 440 | |9 7332 |a Serie Educativa | ||
| 500 | |a Colección Alforja | ||
| 650 | 1 | 0 | |9 5354 |a ESCUELAS |
| 650 | 1 | 0 | |9 419 |a CONTROL SOCIAL |
| 650 | 1 | 0 | |9 1428 |a IDEOLOGIAS |
| 942 | |2 ddc |c LI | ||
